Los instrumentos económicos en la gestión del agua en la agricultura
| Main Author: | |
|---|---|
| Format: | Section = Libro |
| Language: | Undetermined Spanish |
| Published: |
España
Mundi Prensa
2003
|
| Subjects: |
| LEADER | 00627nam a2200205Ia 4500 | ||
|---|---|---|---|
| 008 | 240829s9999 xx 000 0 und d | ||
| 020 | |a 84-8476-136-3 | ||
| 040 | |a BIBLIOTECA-RUPAP 628.3623 A335 | ||
| 041 | |a spa | ||
| 082 | |a 628.3623 A335 | ||
| 100 | 1 | |a Albiac Murillo, José | |
| 245 | 1 | 0 | |a Los instrumentos económicos en la gestión del agua en la agricultura |
| 260 | |a España |b Mundi Prensa |c 2003 | ||
| 300 | |a 127 p. :il. | ||
| 650 | 7 | |a IRRIGACION CON AGUA - AGRICULTURA | |
| 650 | 7 | |b DEMANDA DE AGUA - IRRIGACION | |
| 650 | 7 | |c GESTION DE RECURSOS HIDRICOS. I. Tít. | |
| 942 | |c BK |2 ddc | ||
| 991 | |a TEXTO | ||
| 999 | |c 9585 | ||